Une lettre suffit pour répondre juste #32 (attention 10 lettres tuent) - Statistiques

Statistiques générales
  • Ce quiz a été pris 66 fois
  • Le résultat moyen est 4 sur 6
Statistiques - réponses
Hint Réponse % Correct
Donne une des 5 lettres qui complète le nom de ce chanteur virtuel français en action : René la _ _ _ _ _
TAUPE
100%
Donne une des 4 lettres du nom de cette artiste qui est dans son clip Sapés comme jamais
GIMS
95%
Donne une des 3 lettres du nom de la radio qui a pour slogan Hit Music Only! NRJ
90%
Donne une des 2 lettres qui complète le nom de la série TV Newport Beach en vo : The ??
OC
34%
Donne la lettre qui est à la fois la première lettre du prénom et du nom de cette humoriste et actrice française
F (Florence Foresti)
28%
Donne la lettre qui est le code international des automobiles venant d'Allemagne D
24%
Aucun quiz correspondant
Distribution des résultats
% des personnes avec chaque résultat
Percentile par nombre de réponses
Votre historique - résultats
Vous n’avez pas pris ce quiz